000 00290nam a2200133Ia 4500
005 20251222154323.0
008 251222s9999||||xx |||||||||||||| ||spa||
020 _a84-345-8160-4
082 _a928.45/L45
100 _aLeonhard, Kurt
245 0 _aDante
264 _bSalvat
942 _cLIB
999 _c33868
_d33868